000 00402nam a22001577a 4500
005 20160905111000.0
008 160905b xxu||||| |||| 00| 0 eng d
020 _a978-81-7233-296-9
041 _aeng
100 _aSAXENA,NARESH CHANDRA AND OTHERS
_93484
245 _aENVIRONMENTAL MANAGEMENT IN MINING AREAS
260 _bSCIENTIFIC
_c2013
300 _a410
650 _aMINING
_93481
942 _cBK
999 _c5188
_d5186